000 01400nam0a2200361 4500
001 RU\NLR\bibl\43043
005 20250615030523.0
010 _a5-89398-025-5
_97000
021 _aRU
_b99-10743
_9519
035 _a(NLR Aleph) 000041965
090 _a219988
_c219988
100 _a19990812d1999 |||y0rusy50 ca
101 0 _arus
102 _aRU
105 _ay |||||||||
200 1 _aПонятие о залоге в современном праве
_fЛ.А. Кассо
210 _aМ.
_cСтатут
_d1999
215 _a284 с.
_d21
225 1 _aКлассика российской цивилистики
300 _aНа шмуцтит.: Моск. гос. ун-т им. М.В. Ломоносова. Каф. гражд. права юрид. фак.
320 _aБиблиогр. в подстроч. примеч. Список соч. авт.: с.283
606 0 _aЗалог
_91078012
_3RU\NLR\auth\66420861
606 0 _aЗалоговое право
_92072957
_3RU\NLR\auth\661247819
686 _aХ623.208
686 _aХ831.6
700 1 _4070
_7ca
_8rus
_aКассо
_bЛ. А.
_f1865-1914
_gЛев Аристидович
_9197870
_3RU\NLR\AUTH\770197921
801 0 _aRU
_bNLR
_c19990812
_gPSBO
801 1 _aRU
_bNLR
_c19990812
852 _aNLR
_j99-3/8666
942 _cBOOK
980 _aNB